000 00327nam a2200109Ia 4500
008 171204s9999 xx 000 0 und d
245 4 _aThe American Civil War and the Hollywood War Film:
245 _cJohn Trafton
260 _c2016
650 _xINTRODUCTION TO FILM
856 _uhttp://down.ebook777.com/043/9781349573875.pdf
999 _c346096
_d346096